| 000 | 00562nam a22002057a 4500 | ||
|---|---|---|---|
| 003 | OSt | ||
| 005 | 20140310182903.0 | ||
| 008 | 121211t xxu||||| |||| 00| 0 eng d | ||
| 020 | _a9712710068 | ||
| 050 |
_aPL 5531.6 _b.An531 2000 |
||
| 082 |
_aFIL 820.809 _bA628 2000 |
||
| 245 |
_aAn Anthology of winning works _cCarlos Palanca Foundation _bthe 1980s poetry |
||
| 260 |
_aManila _bCarlos Palanca Foundation _cc2000 |
||
| 300 |
_a523 p. _c22 cm. |
||
| 521 | _aGrade 7 | ||
| 526 | _c1210L-1700L | ||
| 541 | _j1 | ||
| 562 | _e1 | ||
| 942 |
_2lcc _cBK _kFIL |
||
| 999 |
_c17127 _d17127 |
||